00609nam a2200217Ia 4500003000400000005001700004008004100021020001800062040001800080041000800098082002300106100001900129245006800148250001200216260004400228300002000272650002500292650002700317650002400344700002300368OSt20220614140127.0210716s2011 xx 000 0 und d a9788120343153 cAIMIT LIBRARY aeng a658.4062 22bAWAE aAwad, Elias M. aKnowledge management /cBy Elias M. Awad and Hassan M. Ghaziri. a2nd ed. aNew Delhi :bPearson Education ,c2010. a505bPBc24 cm. aKnowledge Management aknowledge architecture aKnowledge creation  aGhaziri, Hassan M.